Quizzes
Events
Quiz Creation
Community
Videos
Private Events
Remove Ads
Sign In
Join for FREE
Feedback
Dark Mode
Quiz Categories
Sports
Geography
Music
Movies
Television
Just For Fun
Miscellaneous
History
Literature
Language
Science
Gaming
Entertainment
Religion
Holiday
For Kids
Quiz Lab
Recent
Popular Today
Quiz Kudos Today
Editor Picks
Curator Picks
Quizzes by...
Day
Popularity
Type
Ratings
Length
Year
Community
Subscriptions
Recent Discussions
Orange Saloon
Badges
Playlists
Quests
Create
Leaderboards
Showdown
Live 5
Trivia Bingo
Activity
Puzzle Library
Sporcle Events
Private Events
Virtual Trivia
Globe League
Become a Host
Pub Owners
SporcleCon
Opinionation
Our Games
Videos
Blog
Mobile Apps
Partnerships
Remove Ads and Go Orange
Feedback
History
US Presidents
World Leaders
Politics
Nation
Discovery
War
Decade
Year
Century
Biography
Art
History
US Presidents
World Leaders
Politics
Nation
Discovery
War
Decade
Year
Century
Biography
Art
Random Quiz
Search Sporcle
×
Quiz Lab
Quiz Lab
History
Politics
Type in answers that appear in a list
Type in answers that appear in a list
Classic
Best Score? Go Orange.
Timeline: Cold War Stats
Can you name the significant people, places, events and items of the Cold War?
By
Cryptus
10m
34 Questions
4,707 Plays
4,707 Plays
4,707 Plays
Comments
Comments
Give Quiz Kudos
Give Quiz Kudos
-
- Ratings
hide this ad
Replay
Link that replays current quiz
Next Quiz
Link to next quiz in quiz playlist
You Got
0%
They Got
Avg Score
55%
Avg Friend Score
Upgrade to see
Score Distribution
Jump to the score distribution portion of the page
Score
0/34
Timer
10:00
0
Plays Today
Date
Answer
% Correct
August 1961
Berlin Wall
87%
June 1950
Korean War
85%
April 1949
NATO
84.9%
April 1961
Bay of Pigs Invasion
79.3%
October 1962
Cuban Missile Crisis
79%
June 1947
Marshall Plan
78%
May 1955
Warsaw Pact
77.8%
August 1973
Vietnam War
77.2%
January 1953
Dwight D. Eisenhower
75.4%
October 1949
Mao Zedong
74.4%
October 1957
Sputnik
73.9%
October 1956
Hungary
72.5%
June 1987
Ronald Reagan
69.2%
April 1949
West Germany
67.6%
December 1979
Afghanistan
66.8%
June 1948
Berlin Blockade
65.7%
March 1947
Containment
63.2%
Date
Answer
% Correct
September 1953
Nikita Khrushchev
58.8%
1971
Detente
54.9%
February 1948
Czechoslovakia
54.5%
June 1987
Glasnost
51.5%
May 1972
SALT I
48.6%
October 1956
Suez Crisis
45.4%
June 1987
Perestroika
43.9%
August 1980
Solidarity
37.9%
March 1990
Lithuania
35.8%
January 1948
Comecon
34.5%
October 1973
Yom Kippur War
33%
September 1947
Cominform
32%
October 1990
Helmut Kohl
22.6%
September 1983
Korean Airlines
21.8%
September 1961
Non Aligned Movement
16.5%
November 1983
Able Archer 83
9.4%
November 1982
Samantha Smith
8.4%
Quiz Playlist
Details
Report
Send in Message
Add To Playlist
Classic:
Type in answers that appear in a list
Last Updated: Jun 8, 2022
Quiz Scoreboard
CHALLENGE
Sign Up to Join the Scoreboard
Show All
Scores
Hide
Comments
May contain spoilers
Recently Published
9x9 Crossword: Cartoon Network
by jackfrog10
Miscellaneous
3m
College Basketball Coaching Resumes
by pancakes188
Sports
9m
Billboard Blitz: Fleetwood Mac
by CooCooCachoo
Music
15s
More to Explore
Quiz From the Vault
Featured Blog Post
Where Did the Easter Bunny Come From?
hide this ad
You Might Also Like...
Tags
Country Quiz
Politics Quiz
War Quiz
World Quiz
World Leaders Quiz
Year Quiz
20th Century
America
Cold War
Military
timeline
Today's Top Quizzes in History
Browse History
hide this ad
Today's Top Quizzes in Politics
Browse Politics
Top Contributed Quizzes in History
1
Popular People in 1991
2
Popular People in 1981
3
Popular People in 1951
4
Popular People in 1941
5
Popular People in 1986
6
Popular People in 1976
7
Popular People in 1921
8
5-to-1: 20th Century Images of War
9
I Am Born On March 28th
10
Popular People in 1946
Explore More
Trending Topics
Disney
Anime
Marvel
Kpop
Crossword
NBA
Harry Potter
Pokémon
Country
The Office
Song
NFL
Puzzle
WWE
Soccer
hide this ad
More By:
Cryptus
Quiz
Plays
Rating
Category
Featured
Created
Top 100 Surnames (U.K.)
152,249
4.59
Miscellaneous
Apr 6, 2010
Common Beginnings: English League FC
72,719
4.60
Sports
Sep 14, 2011
Quick Prime Number Click
57,882
4.37
Just For Fun
Mar 2, 2016
Click the Trees
57,219
4.14
Science
Sep 17, 2012
London Underground Termini
52,837
4.15
Geography
Sep 29, 2009
Go to Creator's Profile
Score Distribution
Quiz Creator Spotlight
Cryptus
Follow
Send a Message
Quizzes Created
-
Created Quiz Play Count
-
More By This Creator
Popular Quizzes Today
1
Find the US States - No Outlines Minefield
2
Find the Countries of Europe - No Outlines Minefield
3
The Countries of the World
4
Find the US States
5
Risky Map Clicking: Biggest States A-Z
6
US States
7
Popular People in 1961
8
Movies - When Are They Set?
More History Quizzes
NOT American History
Published
Trending Quizzes
Risky Map Clicking: Least Populous States A-Z
1-10 Letter G Words
1-10 Letter F Words
Risky Map Clicking: Next State Alphabetically
Adjectives in 80s TV Shows
Recently Updated
Leaping Animals
pecheneg
Reality TV Shows (A-Z)
bhenderson79
Rickey Henderson's Hall of Fame Teammates
pecheneg
Champions League XIs: Arsenal
pecheneg
Quick Pick: Celebrities in WWE's Hall of Fame
aduchscher
A-Z Keypad Blitz II
pecheneg
Multiple Oscar Actors
pecheneg
Mystery Phrase Blitz: Oscar 'Best Actors'
pecheneg
F. Scott Fitzgerald Novels
LTH
Pick 3 Villains
ddd62291
Trending Topics
Crossword
Anime
Harry Potter
Marvel
Disney
NBA
Kpop
Song
The Office
Puzzle
Soccer
Country
Pokémon
NFL
WWE
Your Account Isn't Verified!
In order to create a playlist on Sporcle, you need to verify the email address you used during registration. Go to your
Sporcle Settings
to finish the process.
Report this User
Report this user for behavior that violates our
Community Guidelines
.
Details:
Send Report
Go to the Sporcle.com Mobile Site →
Comments